[Event "Vojens Sonderjysk EMT Master"]
[Site "Vojens"]
[Date "2015.06.08"]
[Round "6"]
[White "Brautsch, Soren"]
[Black "Murtuzov, Mubariz"]
[Result "0-1"]
[WhiteElo "2242"]
[BlackElo "2007"]
[PlyCount "121"]
[EventDate "2015.04.27"]
[EventType "swiss"]
[EventRounds "7"]
[EventCountry "DEN"]
[SourceTitle "EXT 2023"]
[Source "ChessBase"]
[SourceDate "2022.10.05"]
[SourceVersion "1"]
[SourceVersionDate "2022.10.05"]
[SourceQuality "1"]

1. e4 e6 2. d4 d5 3. e5 c5 4. c3 Nc6 5. Nf3 Bd7 6. Bd3 b5 7. 0-0 Qb6 8. Qe2 cxd4 9. Nxd4 Nge7 10. Nxb5 Nxe5 11. Be3 Qb8 12. Bf4 N7g6 13. Bg3 f5 14. Nd4 Bd6 15. Bxf5 exf5 16. f4 0-0 17. fxe5 Bxe5 18. Bxe5 Nxe5 19. Nd2 Ng4 20. N2f3 Re8 21. Qd2 Qd6 22. Rae1 f4 23. h3 Ne3 24. Rf2 Qg6 25. Ne2 Qh6 26. Nfd4 g5 27. Nc2 Nxc2 28. Qxc2 Re3 29. Qd2 Rae8 30. Rd1 R8e5 31. Nd4 g4 32. Rdf1 f3 33. Nxf3 gxf3 34. Rxf3 Qb6 35. Rf8+ Kg7 36. R8f7+ Kg6 37. Rxd7 Re1+ 38. Qd4 Rxf1+ 39. Kxf1 Qb5+ 40. Kg1 Re1+ 41. Kh2 Qxd7 42. Qd3+ Kf6 43. Qd4+ Re5 44. c4 Qf5 45. cxd5 Qe4 46. Qd2 Rxd5 47. Qh6+ Kf7 48. Qc1 Qe5+ 49. Kh1 Qd6 50. Qc4 Kg7 51. Qg4+ Qg6 52. Qe2 Qf6 53. Qg4+ Kf7 54. Qc4 Qe6 55. Qf4+ Qf5 56. Qc7+ Rd7 57. Qc4+ Qd5 58. Qf4+ Ke8 59. Qa4 Qd1+ 60. Qxd1 Rxd1+ 61. Kh2 0-1